Fiorentina 2020's Starting XI - Statistics

General Stats
  • This quiz has been taken 1,479 times
    397 since last reset
  • The average score is 18 of 40
Answer Stats
Player % Correct
David de Gea
90%
Moise Kean
78%
Dušan Vlahović
74%
Robin Gosens
73%
Nikola Milenković
71%
Dodô
69%
Sofyan Amrabat
66%
Bartłomiej Drągowski
62%
Nicolás González
61%
Albert Guðmundsson
56%
Pietro Terracciano
56%
Luca Ranieri
54%
Rolando Mandragora
53%
Luka Jović
51%
Jonathan Ikone
49%
Jonathan Ikone
49%
Lucas Martínez Quarta
49%
Federico Chiesa
48%
Alfred Duncan
45%
Cristiano Biraghi
45%
Lucas Beltrán
45%
Pietro Comuzzo
43%
Martín Cáceres
42%
Christian Kouamé
41%
Giacomo Bonaventura
41%
Lucas Torreira
39%
Franck Ribéry
38%
José Callejón
33%
Erick Pulgar
32%
Germán Pezzella
32%
Danilo Cataldi
26%
Milan Badelj
25%
Arthur Melo
24%
Igor
24%
Michael Kayode
21%
Gaetano Castrovilli
20%
Andrea Colpani
17%
Pol Lirola
15%
Lorenzo Venuti
14%
Dalbert Henrique
8%
No matching quizzes found
Score Distribution
Percent of People with Each Score
Percentile by Number Answered
Your Score History
You have not taken this quiz since the last reset